University Home | Library Home | Institutional Repository

The complete Nigerian. (Record no. 165924)

MARC details
000 -LEADER
fixed length control field 00534cam5a220018100 4500
001 - CONTROL NUMBER
control field zam00001765
008 - FIXED-LENGTH DATA ELEMENTS--GENERAL INFORMATION
fixed length control field 951128s1992 xx eng u
020 ## - INTERNATIONAL STANDARD BOOK NUMBER
International Standard Book Number 978260173X
035 ## - SYSTEM CONTROL NUMBER
System control number (Sirsi) r19156
035 ## - SYSTEM CONTROL NUMBER
System control number (MACHINE)01479
100 ## - MAIN ENTRY--PERSONAL NAME
Personal name Enahora, Peter.
Linkage A79759.1
245 14 - TITLE STATEMENT
Title The complete Nigerian.
260 ## - PUBLICATION, DISTRIBUTION, ETC.
Place of publication, distribution, etc. Lagos :
Name of publisher, distributor, etc. Malhouse,
Date of publication, distribution, etc. 1992.
700 ## - ADDED ENTRY--PERSONAL NAME
Personal name Peter Enahora.
Linkage A79760.1
949 ## - LOCAL PROCESSING INFORMATION (OCLC)
a PR/9387/.9/.E6C6
w lcc
i 33729000403357
m MAIN
t BOOK
l ON-SHELF
900 ## - EQUIVALENCE OR CROSS-REFERENCE-PERSONAL NAME [LOCAL, CANADA]
-- 1992
Field link and sequence number PR/9387/.9/.E6C6
-- ENA
Titles and other words associated with a name 1
Name of part/section of a work 2500

No items available.

© 2026 - The University of Zambia Library - Koha v25.11